[Event "Boardwalk Pearson Invitational 2019"]
[Site "Port Elizabeth"]
[Date "2019.03.30"]
[Round "3.1"]
[White "Bezuidenhout, Roland"]
[Black "Khumalo, Keith"]
[Result "1-0"]
[WhiteElo "2171"]
[BlackElo "2015"]
[Annotator "NA"]
[PlyCount "120"]
[EventDate "2019.03.29"]
[EventType "swiss"]
[EventCountry "RSA"]
[SourceTitle "playchess.com"]
[Source "ChessBase"]
[SourceQuality "1"]
[TimeControl "40/5400+30:1800+30"]

{[%evp 8,101,6,10,27,29,39,-1,15,-2,37,-14,13,22,37,-36,-23,-38,-17,-52,-57,-80,-94,-93,-112,-105,-53,-93,5,24,16,22,15,32767,32767,32767,32767,32767,32767,32767,32767,32767,32767,11,32767,51,206,32767,32767,32767,224,229,223,174,198,32767,32767,32767,106,77,108,78,118,32767,81,82,118,32767,130,87,131,32767,126,32767,32767,32767,32767,202,32767,179,186,189,268,237,360,355,360,372,32767,32767,32767,432,633,566,32767,458]} 1. Nf3 {[%emt 0:01:10]} Nf6 {[%emt 0:00:00]} 2. c4 {[%emt 1:29:50]} g6 {[%emt 0:00:00]} 3. g3 {[%emt 0:00:00]} Bg7 {[%emt 0:00:00]} 4. Bg2 {[%emt 0:00:00]} O-O {[%emt 0:00:08]} 5. Nc3 {[%emt 0:00:00]} d6 {[%emt 0:00:30]} 6. O-O {[%emt 0:00:00] LiveBook: 3904 Games} e5 {[%emt 0:03:09]} 7. d3 {[%emt 0:00:00]} Qe7 {[%emt 0:03:33] A24: English Opening vs King's Indian: Lines without ...Nc6} (7... Re8 8. Rb1 a5 9. Nd2 Nbd7 10. a3 h5 11. b4 axb4 12. axb4 h4 13. Nde4 Nh7 14. Bb2 f5 15. Nd2 Ndf6 16. b5 hxg3 17. hxg3 {½-½ (37) Alekseev,E (2639)-Grischuk,A (2771) St Petersburg 2018}) 8. Nd2 {[%emt 0:00:00]} c6 {[%emt 0:01:58]} 9. Rb1 {[%emt 0:00:00]} Rd8 $146 {[%emt 0:00:38]} ({Predecessor:} 9... Be6 10. b4 d5 11. b5 Rd8 12. Qa4 Bf8 13. bxc6 bxc6 14. cxd5 cxd5 15. Nb5 Qd7 16. Ba3 Nc6 17. Bxf8 Rxf8 18. Qa6 Rab8 19. Rfc1 Rfc8 20. Kf1 {½-½ (20) Harnett,R (2018)-Payne,M (1952) Brighton 2012}) 10. b4 {[%emt 0:00:00]} d5 {[%emt 0:00:37]} 11. cxd5 {[%emt 0:00:00]} (11. b5 $14) 11... cxd5 {[%emt 0:00:02]} 12. b5 {[%emt 0:00:00]} Be6 {[%emt 0:06:19]} 13. Nb3 {[%emt 0:00:00]} Nbd7 {[%emt 0:01:30]} 14. d4 {[%emt 0:00:00]} Rac8 {[%emt 0:05:57]} 15. Bb2 {[%emt 0:00:00]} e4 {[%emt 0:00:36]} 16. e3 {[%emt 0:00:00]} Bf5 {[%emt 0:02:10]} 17. Na4 {[%emt 0:00:00]} Qb4 {[%emt 0:04:02]} (17... b6 $17 18. Nd2 Qb4) 18. Nbc5 $1 {[%emt 0:00:00]} Nxc5 {[%emt 0:00:30]} 19. dxc5 {[%emt 0:00:00]} Qc4 {[%emt 0:00:27]} 20. h3 {[%emt 0:00:00]} Bd7 {[%emt 0:01:47]} 21. Bd4 {[%emt 0:00:00]} Bxb5 {[%emt 0:02:12]} 22. Nc3 {[%emt 0:00:00]} Bc6 {[%emt 0:01:15]} 23. Re1 {[%emt 0:00:00]} Qa6 {[%emt 0:01:20]} 24. Qd2 {[%emt 0:00:00]} Be8 {[%emt 0:02:38]} 25. Bf1 {[%emt 0:00:00]} Qc6 {[%emt 0:00:17]} 26. Nb5 {[%emt 0:00:00]} Ra8 $2 {[%emt 0:00:02]} (26... Qe6 $14) 27. Nd6 {[%emt 0:00:00]} Nd7 {[%emt 0:09:55]} 28. Bxg7 {[%emt 0:00:00]} Kxg7 {[%emt 0:00:54]} 29. Qd4+ {[%emt 0:00:00]} ({Stronger than} 29. Nxb7 Rdb8 $11) 29... Kg8 {[%emt 0:00:40]} 30. Rec1 {[%emt 0:00:00]} ({And not} 30. Nxb7 Rdb8 $11) 30... Rab8 {[%emt 0:03:33]} 31. Bb5 {[%emt 0:00:00]} Qc7 {[%emt 0:00:02]} 32. Qxd5 {[%emt 0:00:00]} Nf6 {[%emt 0:00:39]} 33. Qe5 {[%emt 0:00:00]} Bxb5 {[%emt 0:00:46]} 34. Qxf6 {[%emt 0:00:00]} Bc6 {[%emt 0:00:12]} 35. Rb4 {[%emt 0:00:00]} Rd7 {[%emt 0:00:37]} 36. Nxe4 {[%emt 0:00:00]} Re7 {[%emt 0:02:36]} 37. Nd6 {[%emt 0:00:00]} Re6 {[%emt 0:00:57]} 38. Qg5 {[%emt 0:00:00]} Qa5 {[%emt 0:00:37]} (38... b6 $142) 39. Qf4 {[%emt 0:00:00]} Rf8 {[%emt 0:01:05]} 40. Nxb7 {[%emt 0:00:00]} Qxa2 {[%emt 0:00:00]} 41. Nd6 {[%emt 0:03:47]} Kg7 {[%emt 0:00:03] [#]} 42. Qd4+ $1 {[%emt 0:03:40]} Rf6 {[%emt 0:00:41]} 43. Qb2 {[%emt 0:02:27]} (43. e4 $142) 43... Qxb2 {[%emt 0:02:58]} 44. Rxb2 {[%emt 0:00:07]} Rd8 {[%emt 0:00:07]} (44... Re6 {was worth a try.} 45. Ra2 Ra8) 45. Ra2 {[%emt 0:00:52]} Bd7 {[%emt 0:00:38]} (45... Rb8 {is a better defense.} 46. Rf1 Ra8) 46. h4 {[%emt 0:01:56]} Ra8 {[%emt 0:00:17]} 47. Rca1 {[%emt 0:00:24]} Bc6 {[%emt 0:00:16]} 48. Rxa7 {[%emt 0:00:29]} Rb8 {[%emt 0:00:02]} 49. Rc7 {[%emt 0:01:58]} Rb2 {[%emt 0:00:27]} (49... Bd5 $142 50. e4 Rxd6) 50. Rf1 {[%emt 0:02:03]} ({And not} 50. Rxc6 Rfxf2 51. Rc1 Rg2+ {[%mdl 64] Double Attack} 52. Kf1 Rgf2+ 53. Kg1 Rfe2 $11) 50... Ba4 {[%emt 0:00:20]} 51. g4 $18 {[%emt 0:03:08]} h5 {[%emt 0:00:55]} 52. g5 {[%emt 0:00:34]} Rf3 {[%emt 0:00:02]} 53. Kg2 {[%emt 0:00:48]} Bd1 {[%emt 0:00:27]} 54. Nxf7 {[%emt 0:00:55]} Rxf7 {[%emt 0:00:13]} 55. Rxf7+ {[%emt 0:00:06]} Kxf7 {[%emt 0:00:05]} 56. Rxd1 {[%emt 0:00:07]} Rc2 {[%emt 0:00:08]} 57. Rd7+ {[%emt 0:00:09]} Ke6 {[%emt 0:00:02]} 58. Rg7 {[%emt 0:00:27]} Kf5 {[%emt 0:00:05]} 59. Rf7+ {[%emt 0:00:10]} Ke5 {[%emt 0:00:09]} 60. Rf6 {[%emt 0:00:17]} Kd5 {[%emt 1:17:55]} 1-0

[Event "Boardwalk Pearson Invitational 2019"]
[Site "Port Elizabeth"]
[Date "2019.03.30"]
[Round "3.2"]
[White "Oatlhotse, Providence"]
[Black "Kromhout, Ewan"]
[Result "1-0"]
[WhiteElo "2320"]
[BlackElo "2007"]
[Annotator "NA"]
[PlyCount "155"]
[EventDate "2019.03.29"]
[EventType "swiss"]
[EventCountry "RSA"]
[SourceTitle "playchess.com"]
[Source "ChessBase"]
[SourceQuality "1"]
[TimeControl "40/5400+30:1800+30"]

{[%evp 8,143,14,6,25,43,27,37,32,0,0,0,-1,0,-2,0,0,0,0,0,0,0,0,0,16,12,7,0,32767,32767,19,8,60,50,32767,24,38,32767,43,0,12,6,9,-7,-12,-6,-14,32767,-10,-6,-3,-4,0,32767,32767,43,44,42,70,32767,32767,32767,32767,32767,32767,46,58,32767,32767,32767,32767,32767,32767,77,114,32767,32767,32767,32767,32767,32767,32767,32767,32767,32767,74,32767,32767,32767,72,32767,32767,32767,32767,32767,32767,32767,32767,32767,32767,32767,32767,32767,32767,32767,32767,87,83,374,32767,32767,32767,32767,32767,32767,32767,32767,32767,32767,32767,459,652,644,516,708,32767,32767,32767,782,1670,1177,32767,32767,12295,29974,32767,32767,29983]} 1. c4 {[%emt 0:00:00]} e6 {[%emt 0:00:00]} 2. Nf3 {[%emt 0:00:00]} d5 {[%emt 0:00:00]} 3. g3 {[%emt 0:00:12]} Nf6 {[%emt 0:00:00]} 4. Bg2 {[%emt 0:00:02]} d4 {[%emt 0:00:33]} 5. O-O {[%emt 0:00:28]} Nc6 {[%emt 0:00:03]} (5... c5 6. d3 Nc6 7. e3 Bd6 8. exd4 cxd4 9. Bg5 h6 10. Bxf6 Qxf6 11. Nbd2 Qd8 12. a3 a5 13. Rc1 O-O 14. Re1 Re8 {1-0 (58) Sjugirov,S (2663)-Korobov,A (2698) St Petersburg 2018}) 6. e3 {[%emt 0:01:04] A13: English Opening: 1...e6} e5 {[%emt 0:01:13]} 7. exd4 {[%emt 0:00:34]} exd4 {[%emt 0:00:01]} 8. a3 {[%emt 0:04:45]} a5 {[%emt 0:00:22]} 9. d3 {[%emt 0:01:14]} Be7 {[%emt 0:00:20]} 10. Bg5 {[%emt 0:00:47]} O-O {[%emt 0:00:21]} 11. Re1 {[%emt 0:01:13]} h6 {[%emt 0:01:36]} 12. Bxf6 {[%emt 0:00:14]} Bxf6 {[%emt 0:00:05]} 13. Nbd2 {[%emt 0:00:07] [#]} Re8 $146 {[%emt 0:05:26]} ({Predecessor:} 13... a4 14. Re2 {0-1 (42) Akesson,R (2450)-Santos Latasa,J (2536) Stockholm 2017}) 14. Ne4 {[%emt 0:07:37]} Be7 {[%emt 0:00:55]} 15. Rc1 {[%emt 0:03:57]} f5 {[%emt 0:12:59]} 16. Ned2 {[%emt 0:00:11]} Bf6 {[%emt 0:00:07]} 17. Qa4 {[%emt 1:16:05]} Bd7 {[%emt 0:27:59]} 18. c5 {[%emt 0:00:00]} Ne5 {[%emt 0:13:45]} 19. Qc2 {[%emt 0:00:00]} Nxf3+ {[%emt 0:02:48]} 20. Bxf3 {[%emt 0:00:00]} Bc6 {[%emt 0:03:07]} 21. Qc4+ {[%emt 0:00:00]} Kh7 {[%emt 0:00:16]} 22. Bxc6 {[%emt 0:00:00]} bxc6 {[%emt 0:00:28]} 23. Re6 {[%emt 0:00:00]} Qd5 {[%emt 0:05:46]} 24. Qxd5 {[%emt 0:00:00]} cxd5 {[%emt 0:00:02]} 25. Rce1 {[%emt 0:00:00]} Rxe6 {[%emt 0:05:33]} 26. Rxe6 {[%emt 0:00:00]} a4 {[%emt 0:00:28]} 27. Nf3 {[%emt 0:00:00]} Rb8 {[%emt 0:01:27]} 28. Ra6 {[%emt 0:00:00]} Rxb2 {[%emt 0:03:07]} 29. Rxa4 {[%emt 0:00:00]} Rb1+ {[%emt 0:05:20]} 30. Kg2 {[%emt 0:00:00]} Rd1 {[%emt 0:00:09]} 31. Nxd4 {[%emt 0:00:00]} Rxd3 {[%emt 0:00:53]} 32. Ne6 {[%emt 0:00:00]} Rc3 {[%emt 0:02:09]} 33. Ra7 {[%emt 0:00:00]} c6 {[%emt 0:02:59]} 34. Ra6 {[%emt 0:00:00]} d4 {[%emt 0:00:17]} 35. a4 {[%emt 0:00:26]} Rc4 {[%emt 0:00:48]} 36. Rxc6 {[%emt 0:01:00]} Rxa4 {[%emt 0:00:22]} 37. Rd6 {[%emt 0:01:13]} Rc4 {[%emt 0:00:24]} 38. Rd7 {[%emt 0:03:15]} h5 {[%emt 0:02:01]} 39. h4 {[%emt 0:00:54]} Kh6 {[%emt 0:02:54]} 40. Rd5 {[%emt 0:00:00]} Kg6 {[%emt 0:00:00]} 41. Nf4+ {[%emt 0:03:42]} Kf7 {[%emt 0:07:27]} 42. Rxf5 {[%emt 0:01:37]} g6 {[%emt 0:02:29]} 43. Rd5 {[%emt 0:01:29]} Be7 {[%emt 0:05:31]} 44. Nd3 {[%emt 0:06:13]} Rc3 {[%emt 0:03:07]} 45. Rxd4 {[%emt 0:06:02]} Bxc5 {[%emt 0:00:20]} 46. Rd5 {[%emt 0:00:55]} Be7 {[%emt 0:06:22]} 47. Ne5+ {[%emt 0:03:42]} Kf6 {[%emt 0:03:42]} 48. Ra5 {[%emt 0:01:37]} Rc2 {[%emt 0:01:27]} 49. Nd3 {[%emt 0:01:32]} Rd2 {[%emt 0:00:23]} 50. Ra6+ {[%emt 0:05:14]} Kf5 {[%emt 0:01:09]} 51. Ra5+ {[%emt 0:00:49]} Kf6 {[%emt 0:01:02]} 52. Nf4 {[%emt 0:00:21]} Bd6 {[%emt 0:01:20]} 53. Nh3 {[%emt 0:00:06]} Be5 {[%emt 0:01:07]} 54. Ra6+ {[%emt 0:00:07]} Rd6 {[%emt 0:02:08]} 55. Ra2 {[%emt 0:00:01]} Rb6 {[%emt 0:00:16]} 56. Ng5 {[%emt 0:00:24]} Rb2 {[%emt 0:00:27]} 57. Ra6+ {[%emt 0:00:30]} Kf5 $2 {[%emt 0:00:23]} (57... Kg7 $16 {is a better defense.}) 58. Ra5 {[%emt 0:00:49]} Kf6 {[%emt 0:01:04]} 59. Ne4+ {[%emt 0:00:27]} Kf5 {[%emt 0:01:46]} 60. Nd6+ {[%emt 0:00:46]} Ke6 {[%emt 0:00:17]} 61. Rxe5+ {[%emt 0:00:36]} Kxd6 {[%emt 0:00:47]} 62. Rg5 {[%emt 0:00:03]} Rb8 {[%emt 0:00:45]} 63. Rxg6+ {[%emt 0:00:05]} Ke7 {[%emt 0:00:04]} 64. Rg5 {[%emt 0:00:49]} Rh8 {[%emt 0:00:01]} 65. Kf3 {[%emt 0:00:28]} Kf6 {[%emt 0:00:01]} 66. Kf4 {[%emt 0:00:23]} Rh7 {[%emt 0:00:06]} 67. Ra5 {[%emt 0:01:24]} Rh8 {[%emt 0:00:55]} 68. Ra6+ {[%emt 0:00:12]} Kg7 {[%emt 0:00:01]} 69. Kg5 {[%emt 0:00:16]} Rf8 {[%emt 0:00:15]} 70. f4 {[%emt 0:00:42]} (70. Ra7+ $142 Kh8 71. f4 Kg8 72. Kxh5 Re8 73. Kg5 Kh8 74. f5 Rd8 75. g4 Rg8+ 76. Kh6) 70... Kh7 {[%emt 0:00:27]} 71. Ra7+ {[%emt 0:00:35]} Kh8 {[%emt 0:00:08]} 72. Kxh5 {[%emt 0:00:35]} Rg8 {[%emt 0:00:19]} 73. g4 {[%emt 0:00:48]} Rf8 {[%emt 0:00:09]} 74. f5 {[%emt 0:00:22]} Rb8 {[%emt 0:01:22]} 75. g5 {[%emt 0:00:23]} Kg8 {[%emt 0:00:12]} 76. f6 {[%emt 0:00:20]} Kh8 {[%emt 0:01:07]} 77. Kh6 {[%emt 0:00:20]} Kg8 {[%emt 0:00:21]} 78. g6 {[%emt 0:00:40]} 1-0

[Event "Boardwalk Pearson Invitational 2019"]
[Site "Port Elizabeth"]
[Date "2019.03.30"]
[Round "3.3"]
[White "Odendaal, Frederick"]
[Black "Hercules, Benjamin Vincent"]
[Result "0-1"]
[WhiteElo "1992"]
[BlackElo "2194"]
[Annotator "NA"]
[PlyCount "60"]
[EventDate "2019.03.29"]
[EventType "swiss"]
[EventCountry "RSA"]
[SourceTitle "playchess.com"]
[Source "ChessBase"]
[SourceQuality "1"]
[TimeControl "40/5400+30:1800+30"]

{[%evp 8,60,31,21,14,20,43,-15,2,0,13,7,11,5,35,0,0,-3,-45,-38,11,32767,32767,32767,32767,32767,32767,32767,32767,32767,32767,32767,24,32767,-8,-26,-22,32767,-26,32767,-204,32767,-191,-164,-178,-1192,-1323,32767,32767,32767,-1417,-1412,-2209,-29998,-29999]} 1. e4 {[%emt 0:01:33]} c5 {[%emt 0:00:00]} 2. Nf3 {[%emt 0:00:23]} Nc6 {[%emt 0:00:00]} 3. d4 {[%emt 0:00:03]} cxd4 {[%emt 0:00:00]} 4. Nxd4 {[%emt 0:00:25]} Nf6 {[%emt 0:00:00]} 5. Nc3 {[%emt 0:00:24]} d6 {[%emt 0:00:00]} 6. Bg5 {[%emt 0:00:44]} e6 {[%emt 0:00:30]} 7. Nxc6 {[%emt 0:01:09]} bxc6 {[%emt 0:02:31]} 8. Qf3 {[%emt 0:01:52] B62: Sicilian: Richter-Rauzer: 6...e6: Unusual White 7th moves} (8. e5 dxe5 9. Qf3 Be7 10. Bxf6 Bxf6 11. Qxc6+ Bd7 12. Qd6 Qb8 13. O-O-O Qxd6 14. Rxd6 Rb8 15. Ne4 Be7 16. Ra6 f5 {0-1 (41) Potapov,P (2479)-Ponkratov,P (2613) Khanty-Mansiysk 2017}) 8... e5 {[%emt 0:03:09]} 9. Bc4 {[%emt 0:03:26]} h6 $146 {[%emt 0:01:44]} ({Predecessor:} 9... Be7 10. h3 Rb8 11. O-O O-O 12. Bb3 Nd7 13. Be3 Nb6 14. Rfd1 Be6 15. Rd2 Qd7 {1-0 (34) February,J (1862)-Hercules,B (2174) Boksburg 2018}) 10. Bh4 {[%emt 0:01:16]} Rb8 {[%emt 0:09:53]} 11. O-O {[%emt 0:02:02]} (11. Qd3 $14) 11... Be7 {[%emt 0:03:04]} ({But not} 11... Rxb2 $6 12. Bxf6 Qxf6 13. Qxf6 $16) 12. Bb3 {[%emt 0:02:45]} g5 {[%emt 0:12:37]} 13. Bg3 {[%emt 0:01:01]} Qb6 {[%emt 0:11:07]} 14. Kh1 {[%emt 0:10:03]} Ba6 {[%emt 0:04:10]} 15. Rfe1 {[%emt 0:01:31]} g4 {[%emt 0:00:18]} 16. Qd1 {[%emt 0:01:42]} h5 {[%emt 0:00:36]} 17. Bh4 {[%emt 0:01:10]} Nh7 {[%emt 0:00:34]} 18. Bxe7 {[%emt 0:04:56]} Kxe7 {[%emt 0:00:34]} 19. Qd2 {[%emt 0:07:41]} Rbg8 {[%emt 0:02:04]} ({Black should try} 19... Qd4 $15 20. Qxd4 exd4) 20. Nd1 {[%emt 0:10:48]} Bc8 {[%emt 0:10:53]} 21. Ne3 {[%emt 0:03:46]} Ng5 $1 {[%emt 0:03:16]} 22. Qd3 {[%emt 0:01:32]} h4 {[%emt 0:04:50]} 23. f4 {[%emt 0:06:46]} gxf3 {[%emt 0:00:51]} ({Stronger than} 23... exf4 24. Nf5+ Bxf5 25. exf5+ Kd7 26. f6 $11) 24. gxf3 {[%emt 0:00:02]} Nh3 {[%emt 0:02:10]} 25. Qd2 {[%emt 0:02:08]} Rg6 {[%emt 0:03:01]} 26. f4 $2 {[%emt 0:07:48]} (26. c3) 26... exf4 {[%emt 0:02:14]} 27. Nf5+ {[%emt 0:01:16]} Kf8 {[%emt 0:00:20]} 28. Rf1 {[%emt 0:01:00]} Rhg8 {[%emt 0:00:39]} 29. Nd4 {[%emt 0:05:38]} Rg2 {[%emt 0:01:20]} 30. Qd3 {[%emt 0:02:17] [#]} Rg1+ {[%emt 0:22:35]} 0-1

[Event "Boardwalk Pearson Invitational 2019"]
[Site "Port Elizabeth"]
[Date "2019.03.30"]
[Round "3.4"]
[White "Klaver, Cornelis"]
[Black "Beukes, Dante M"]
[Result "1/2-1/2"]
[WhiteElo "2072"]
[BlackElo "2114"]
[Annotator "NA"]
[PlyCount "77"]
[EventDate "2019.03.29"]
[EventType "swiss"]
[EventCountry "RSA"]
[SourceTitle "playchess.com"]
[Source "ChessBase"]
[SourceQuality "1"]
[TimeControl "40/5400+30:1800+30"]

{[%evp 8,75,37,30,43,9,12,12,23,21,20,20,47,31,31,7,66,56,78,75,104,70,77,92,32767,32767,32767,32767,93,32767,32767,100,32767,32767,32767,32767,32767,32767,32767,32767,76,32767,32767,74,82,77,97,82,92,93,135,123,130,127,122,124,32767,32767,32767,32767,32767,32767,32767,32767,32767,32767,32767,32767,32767,67]} 1. d4 {[%emt 0:00:06]} Nf6 {[%emt 0:00:00]} 2. c4 {[%emt 0:00:28]} g6 {[%emt 0:00:00]} 3. Nc3 {[%emt 0:00:19]} Bg7 {[%emt 0:00:00]} 4. e4 {[%emt 0:00:10]} d6 {[%emt 0:00:00]} 5. h3 {[%emt 0:00:07]} O-O {[%emt 0:00:11]} 6. Bd3 {[%emt 0:00:16]} Nc6 {[%emt 0:01:04]} 7. Nge2 {[%emt 0:02:09]} e5 {[%emt 0:02:37] E71: King's Indian: 4 e4 d6 5 h3} 8. d5 {[%emt 0:01:35]} Nd4 {[%emt 0:00:54]} 9. Bg5 {[%emt 0:06:21]} (9. Be3 Nh5 10. Qd2 c5 11. Bh6 f5 12. Bxg7 Kxg7 13. exf5 gxf5 14. O-O-O Kh8 15. Qh6 {1-0 (38) Rabrenovic,V (2343)-Radovanovic,M (2422) Zrenjanin 2018}) 9... h6 {[%emt 0:05:43]} 10. Be3 {[%emt 0:00:35]} Nd7 {[%emt 0:08:19]} 11. Bb1 {[%emt 0:09:27]} Nxe2 {[%emt 0:02:39]} 12. Qxe2 {[%emt 0:00:35]} a5 $146 {[%emt 0:01:36]} ({Predecessor:} 12... b6 13. O-O Bb7 14. Bc2 Nc5 15. b4 {1-0 (52) Yeves Miquel,E (1742)-Arellano Guerrero,M Madrid 2014}) 13. g4 {[%emt 0:05:21]} Qe7 {[%emt 0:05:19]} 14. Qd2 {[%emt 0:07:30]} Kh7 {[%emt 0:00:48]} 15. Bc2 {[%emt 0:00:15]} Nc5 {[%emt 0:03:29]} 16. O-O-O {[%emt 0:02:39]} Bd7 {[%emt 0:06:58]} 17. f3 {[%emt 0:12:19]} Rfd8 {[%emt 0:03:55]} 18. h4 {[%emt 0:02:30]} a4 {[%emt 0:16:08]} 19. h5 {[%emt 0:21:59]} g5 {[%emt 0:02:44]} 20. Bxc5 {[%emt 0:00:05]} dxc5 {[%emt 0:00:15]} 21. d6 {[%emt 0:00:02]} Qxd6 {[%emt 0:07:20]} 22. Qxd6 {[%emt 0:00:27]} cxd6 {[%emt 0:00:06]} 23. Rxd6 {[%emt 0:00:04]} Bf8 {[%emt 0:01:22]} 24. Rd2 {[%emt 0:11:08]} Be6 {[%emt 0:04:05]} 25. Rxd8 {[%emt 0:03:41]} Rxd8 {[%emt 0:00:10]} 26. Nd5 {[%emt 0:00:04]} Bxd5 {[%emt 0:05:38]} 27. exd5+ {[%emt 0:00:26]} Kg7 {[%emt 0:00:10]} 28. Bxa4 {[%emt 0:00:05]} Rd6 {[%emt 0:03:29]} 29. Bc2 {[%emt 0:01:10]} Ra6 {[%emt 0:02:59]} 30. a3 {[%emt 0:00:21]} Bd6 {[%emt 0:00:21]} 31. Kd2 {[%emt 0:00:37]} Kf6 {[%emt 0:02:31]} 32. Be4 {[%emt 0:00:40]} Ra5 {[%emt 0:02:26]} 33. Kc2 {[%emt 0:00:28]} Ra7 {[%emt 0:01:38]} 34. Rd1 {[%emt 0:00:10]} Ra4 {[%emt 0:01:33]} 35. Kd3 {[%emt 0:01:37]} Ra6 {[%emt 0:01:43]} 36. Rc1 {[%emt 0:00:59]} Rb6 {[%emt 0:01:57]} 37. Kc3 {[%emt 0:01:40]} Ke7 {[%emt 0:00:45]} 38. Bf5 $14 {[%emt 0:00:21]} (38. Rb1 $16) 38... e4 {[%emt 0:01:59]} 39. b3 {[%emt 0:06:16]} 1/2-1/2

[Event "Boardwalk Pearson Invitational 2019"]
[Site "Port Elizabeth"]
[Date "2019.03.30"]
[Round "4.1"]
[White "Bezuidenhout, Roland"]
[Black "Oatlhotse, Providence"]
[Result "1/2-1/2"]
[WhiteElo "2171"]
[BlackElo "2320"]
[Annotator "NA"]
[PlyCount "37"]
[EventDate "2019.03.29"]
[EventType "swiss"]
[EventCountry "RSA"]
[SourceTitle "playchess.com"]
[Source "ChessBase"]
[SourceQuality "1"]
[TimeControl "40/5400+30:1800+30"]

1. Nf3 {[%emt 0:00:52]} c5 {[%emt 0:00:00]} 2. c4 {[%emt 0:00:33]} Nc6 {[%emt 0:00:00]} 3. Nc3 {[%emt 0:01:05]} g6 {[%emt 0:00:27]} 4. e3 {[%emt 0:00:04]} Bg7 {[%emt 0:00:49]} 5. d4 {[%emt 0:00:09]} Nf6 {[%emt 0:00:57]} 6. d5 {[%emt 0:00:57]} Na5 {[%emt 0:00:12]} 7. e4 {[%emt 0:04:40]} O-O {[%emt 0:01:52] A35: Symmetrical English: 2 Nc3 Nc6 3 Nf3} 8. h3 {[%emt 0:02:53]} d6 {[%emt 0:02:03]} 9. Bd3 {[%emt 0:00:14] LiveBook: 58 Games} e5 {[%emt 0:03:05]} 10. Bg5 {[%emt 0:00:55]} h6 {[%emt 0:00:35]} 11. Be3 {[%emt 0:00:08]} a6 {[%emt 0:08:01]} 12. Qd2 $146 {[%emt 0:00:12]} ({Predecessor:} 12. a3 b6 13. b4 Nb7 14. Rb1 Nd7 15. Qd2 {0-1 (35) Mchedlishvili,M (2566)-Kotsur,P (2540) Sharjah 2003}) 12... Kh7 $16 {[%emt 0:00:08]} 13. g4 {[%emt 0:00:26]} Ng8 {[%emt 0:01:31]} 14. Qe2 {[%emt 0:01:06]} b5 {[%emt 0:08:25]} 15. cxb5 {[%emt 0:00:51]} axb5 {[%emt 0:02:29]} 16. Nxb5 {[%emt 0:01:21]} Nb3 {[%emt 0:01:03]} 17. Rb1 {[%emt 0:01:33]} Nd4 {[%emt 0:18:21] [#]} 18. Nfxd4 $1 {[%emt 0:00:24]} exd4 {[%emt 0:03:44]} 19. Bf4 {[%emt 0:00:39]} 1/2-1/2

[Event "Boardwalk Pearson Invitational 2019"]
[Site "Port Elizabeth"]
[Date "2019.03.30"]
[Round "4.2"]
[White "Hercules, Benjamin Vincent"]
[Black "Beukes, Dante M"]
[Result "1-0"]
[WhiteElo "2194"]
[BlackElo "2114"]
[Annotator "NA"]
[PlyCount "75"]
[EventDate "2019.03.29"]
[EventType "swiss"]
[EventCountry "RSA"]
[SourceTitle "playchess.com"]
[Source "ChessBase"]
[SourceQuality "1"]
[TimeControl "40/5400+30:1800+30"]

1. d4 {[%emt 0:00:00]} Nf6 {[%emt 0:00:49]} 2. c4 {[%emt 0:00:00]} g6 {[%emt 0:00:04]} 3. Nc3 {[%emt 0:00:00]} Bg7 {[%emt 0:00:04]} 4. e4 {[%emt 0:00:00]} d6 {[%emt 0:00:03]} 5. Be2 {[%emt 0:00:08]} O-O {[%emt 0:00:07]} 6. Bg5 {[%emt 0:00:02]} c5 {[%emt 0:00:08]} 7. d5 {[%emt 0:00:14]} e6 {[%emt 0:00:19]} 8. Nf3 {[%emt 0:00:41]} exd5 {[%emt 0:01:47]} 9. exd5 {[%emt 0:00:01]} Qb6 {[%emt 0:00:29]} 10. Qd2 {[%emt 0:02:31]} Bf5 {[%emt 0:00:13] LiveBook: 54 Games} 11. O-O {[%emt 0:00:37] E75: King's Indian: Averbakh Variation: 6...c5 7 d5 e6} (11. Nh4 Ne4 12. Nxe4 Bxe4 13. f3 h6 14. Bxh6 Bxh6 15. Qxh6 Qxb2 16. O-O Bc2 17. Rac1 Nd7 18. Rf2 Ba4 19. Bd1 Qa3 20. Bxa4 Qxa4 21. f4 Nf6 22. Nf5 {1-0 (22) Kravtsiv,M (2657)-Amin,B (2672) Martuni 2017}) 11... Ne4 {[%emt 0:00:30]} 12. Nxe4 {[%emt 0:05:22]} Bxe4 {[%emt 0:00:05]} 13. Rae1 {[%emt 0:05:41]} Qxb2 {[%emt 0:01:51]} 14. Be7 {[%emt 0:01:23]} Re8 {[%emt 0:00:18]} 15. Bxd6 {[%emt 0:00:42]} Nd7 {[%emt 1:30:43]} 16. Qxb2 $146 {[%emt 0:15:40]} ({Predecessor:} 16. Bf4 Qa3 17. Ng5 Bc3 18. Qc1 Qxc1 19. Rxc1 {0-1 (73) Zimina,O (2390)-Wieczorek,O (2453) Konya 2017}) 16... Bxb2 {[%emt 0:00:00]} 17. Bf4 {[%emt 0:01:06]} Bc2 {[%emt 0:01:00]} 18. Be3 {[%emt 1:04:52]} a6 {[%emt 0:00:00]} 19. Bd1 {[%emt 0:00:00]} Bd3 {[%emt 0:00:00]} 20. Be2 {[%emt 0:00:00]} Bxe2 {[%emt 0:00:00]} 21. Rxe2 {[%emt 0:00:00]} Bd4 {[%emt 0:00:00]} 22. Rb1 {[%emt 0:00:00]} b6 {[%emt 0:00:00]} 23. Kf1 {[%emt 0:00:00]} Bxe3 {[%emt 0:00:00]} 24. Rxe3 {[%emt 0:00:00]} Kf8 {[%emt 0:00:00]} 25. Ke2 {[%emt 0:00:00]} Rab8 {[%emt 0:00:00]} 26. a4 {[%emt 0:04:00]} Rb7 {[%emt 0:00:00]} 27. Kd3 {[%emt 0:00:00]} Reb8 {[%emt 0:00:00] [#]} (27... Rxe3+ $14 28. Kxe3 (28. fxe3 Ke7 $11) 28... Ke7) 28. Ne5 $1 {[%emt 0:00:00]} Nf6 {[%emt 0:00:00]} 29. Nc6 {[%emt 0:00:00]} Rc8 {[%emt 0:00:00]} 30. Na5 {[%emt 0:00:00]} Rbb8 {[%emt 0:00:00]} 31. Nc6 {[%emt 0:00:00]} Rb7 {[%emt 0:00:00]} 32. Re5 {[%emt 0:00:00]} Ng4 {[%emt 0:00:00]} 33. Re2 {[%emt 0:00:00]} Nf6 {[%emt 0:00:00]} 34. Reb2 {[%emt 0:00:00]} Nd7 {[%emt 0:00:00]} 35. a5 {[%emt 0:00:00]} Ra8 {[%emt 0:00:00]} 36. f4 $18 {[%emt 0:00:00]} Kg7 {[%emt 0:00:00]} 37. axb6 {[%emt 0:00:00]} a5 {[%emt 0:00:00]} 38. Ne5 {[%emt 0:00:00]} 1-0